[Event "Porto Sant Elpidio op 21st"]
[Site "Porto Sant Elpidio"]
[Date "2018.11.24"]
[Round "2.3"]
[White "Rinaudo, Sergio"]
[Black "Gabbanelli, Anacleto"]
[Result "1-0"]
[WhiteElo "2090"]
[BlackElo "1672"]
[PlyCount "63"]
[EventDate "2018.11.23"]
[EventType "swiss"]
[EventRounds "5"]
[EventCountry "ITA"]
[SourceTitle "EXT 2024"]
[Source "ChessBase"]
[SourceDate "2023.10.10"]
[SourceVersion "1"]
[SourceVersionDate "2023.10.10"]
[SourceQuality "1"]

1. d4 e6 2. Nf3 d5 3. c4 Nf6 4. Nc3 c5 5. cxd5 exd5 6. Bg5 Be6 7. e4 dxe4 8. Nxe4 cxd4 9. Bb5+ Nc6 10. 0-0 Be7 11. Bxf6 Bxf6 12. Nxf6+ Qxf6 13. Qxd4 Qf5 14. Ne5 Rd8 15. Nxc6 bxc6 16. Bxc6+ Ke7 17. Qxa7+ Kf6 18. Qe3 Bd5 19. Bxd5 Rxd5 20. Qb6+ Kg5 21. Qe3+ Kf6 22. Rac1 Rhd8 23. Rc6+ R8d6 24. Rxd6+ Rxd6 25. Qf3 Qxf3 26. gxf3 Kf5 27. b4 Kf4 28. Rb1 Kxf3 29. b5 Rg6+ 30. Kf1 Rb6 31. a4 Ke4 32. a5 1-0